Cesty k rozvoji - Trvalé aspekty Baťovy soustavy řízení a jejich využití v současném managementu a marketingu

Podnikateľská filozofia Tomáša Baťu. Podnikateľská filozofia T. Baťu v podmienkach svetovej hospodárskej krízy v 30. rokoch 20. storočia. Základné baťovské zásady v manažmente. Baťovské zásady v marketingu. Trvalé hodnoty Baťovej sústavy riadenia. Porovnanie trvalých aspektov Baťovej sústavy riadeni...

Ausführliche Beschreibung

Gespeichert in:
Bibliographische Detailangaben
1. Verfasser: Lešingr, Jiří
Format: Buchkapitel
Sprache:Tschechisch
Schlagworte:
Tags: Tag hinzufügen
Keine Tags, Fügen Sie das erste Tag hinzu!

MARC

LEADER 00000naa$a2200000$$$4500
001 0112539
005 20221129071957.0
041 0 |a cze 
044 |a CZ 
245 1 0 |a Cesty k rozvoji - Trvalé aspekty Baťovy soustavy řízení a jejich využití v současném managementu a marketingu  |c Jiří Lešingr 
520 |a Podnikateľská filozofia Tomáša Baťu. Podnikateľská filozofia T. Baťu v podmienkach svetovej hospodárskej krízy v 30. rokoch 20. storočia. Základné baťovské zásady v manažmente. Baťovské zásady v marketingu. Trvalé hodnoty Baťovej sústavy riadenia. Porovnanie trvalých aspektov Baťovej sústavy riadenia so súčasnými trendmi rozvoja manažmentu. Možnosti využitia trvalých aspektov (hodnôt) podnikateľskej filozofie T. Baťu a baťovských zásad v súčasnej praxi. 
610 2 0 |a manažment 
610 2 0 |a marketing 
610 2 0 |a stratégia podnikateľská 
610 2 0 |a podnikanie 
610 2 0 |a podnikatelia 
610 2 0 |a manažéri 
610 2 0 |a morálka 
610 2 0 |a kvalita 
610 2 0 |a ceny 
610 2 0 |a Tomáš Baťa 
100 1 |a Lešingr, Jiří